000 00416nam a22001457a 4500
020 _a969-35-1937-x
040 _cNUST
082 _a891.4393,TAR
100 _aTarar, Mustansar Hussain
_93135
245 _aParinday / پرندے (Urdu) /
_cMustansar Hussain Tarar.
260 _aLahore
_bSang-e-Meel Pub
_c2014
300 _a164 p.;
650 _aUrdu Literature
_xNovletts
_9110439
942 _2ddc
_cBK
_k891.4393,TAR
999 _c593780
_d593780